000 01234nam a2200289 i 4500
001 183273
003 ES-MaACL
005 20250808062832.0
008 140205s1946 sp |||| | spa d
080 _a081 Agustín, Santo
100 0 _aAgustín
_cSanto, Obispo de Hipona.
_9125563
245 1 0 _aObras de San Agustín en edición bilingüe publicados bajo la dirección [de] Félix García.
_nT.I /
_cpreparado por Victoriano García.
250 _aEd. bilingüe.
260 _aMadrid :
_b[La Editorial Católica],
_c1946.
300 _aXVI, 782 p. ;
_c20 cm.
490 1 _aBiblioteca de autores cristianos
490 1 _aB.A.C. Sección VI, Filosofía
504 _aBibliografía: p. [277]-327. Índices.
505 8 _aContiene: Introducción general, Bibliografía, Vida de San Agustín, escrita por San Posidio, Introducción a los diálogos, "Los soliloquios", El libro "De la vida feliz" y los libros "Del orden"
546 _aTexto en latín y traducción en castellano.
700 1 _aCapanaga, Victorino.
_934776
830 0 0 _aBiblioteca de autores cristianos
_9178679
830 0 _aB.A.C. Sección VI, Filosofía
_9191901
852 _aES-MaACL
_jE-4190
999 _c183273
_d183273